000 01175nam a2200361 a 4500
003 AR-BaBNM
005 20251128210611.0
008 082120s2002 ||||||||||||||000 | spa||
020 _a968-29-5320-0
040 _cAR-BaBNM
110 2 _aPrograma Nacional de Actualización Permanente [México]
245 0 0 _aLibro para el maestro de español
_beducación secundaria : primero, segundo y tercero
260 _aMéxico, D.F.
_bMéxico. Secretaría de Educación Pública
_c1995
300 _a252 p.
_bil., tablas
500 _aContiene referencias bibliográficas
650 4 _aPERFECCIONAMIENTO DEL DOCENTE
650 4 _aMETODOS DE ENSEÑANZA
650 4 _aMEDIOS DE COMUNICACION
650 4 _aTECNICAS DIDACTICAS
650 4 _aACTIVIDADES DE APRENDIZAJE
651 4 _aMéxico
653 _aENSENANZA DE LA LENGUA
653 _aEDUCACION SECUNDARIA
653 _aTERCER CICLO DE LA EGB
653 _aGRAMATICA TEXTUAL
700 1 _aMartínez Olivé, Alba
700 1 _aVásquez Beveraggi, Zoraida
700 1 _aPraga, María del Carmen
700 1 _aYnclán, María Gabriela
700 1 _aInclán, Rubén P.
942 _cBK
998 _cRaquel
999 _c16122
_d16122